[Event "European Online Club-ch-A 2021"]
[Site "Online"]
[Date "2021.03.27"]
[Round "7.9"]
[White "Zavgorodniy, Sergiy"]
[Black "Artemiev, Vladislav"]
[Result "0-1"]
[WhiteElo "2418"]
[BlackElo "2709"]
[Annotator "TA"]
[PlyCount "36"]
[EventDate "2021.03.27"]
[EventType "team-tourn"]
[EventCountry "NET"]
[SourceTitle "playchess.com"]
[Source "ChessBase"]
[SourceQuality "1"]

{[%evp 9,36,24,37,-43,-43,-76,-47,-81,-62,-79,-77,-79,-56,-115,-66,-162,-146,-160,-149,-171,-182,-240,-162,-328,-314,-305,-301,-1091,-1068]} 1. e4 e5 2. Nf3 Nc6 3. Bb5 g6 4. d4 exd4 5. Bg5 Be7 6. h4 {C60: Ruy Lopez: Unusual Black 3rd moves and 3...g6.} (6. Bxe7 $14 Ngxe7 7. Nxd4) 6... Nf6 $1 $15 7. Nbd2 {[#]} O-O $146 ({Predecessor:} 7... h6 8. Bf4 a6 9. Bc4 d5 10. exd5 Nxd5 11. Bg3 O-O 12. h5 g5 13. O-O Bg4 {1-0 (78) Sulskis,S (2572)-Vul,A (2312) Jyvaskyla 2012}) 8. Qe2 {Black is slightly better.} a6 9. Bxc6 dxc6 10. e5 Ng4 11. Ne4 Bf5 12. Ng3 (12. Rd1 $15) 12... Bb4+ $19 13. Nd2 Qd5 {Strongly threatening ...Rae8.} 14. Nxf5 gxf5 15. O-O-O (15. O-O {is a better defense.}) 15... Rae8 ({Much less strong is} 15... Nxe5 16. Nb3) (15... Qxe5 16. Qxe5 Nxe5 17. Nb3 $17) (15... Qxg2 $2 16. Rhg1 $18) 16. Bf4 $2 (16. Nb3) 16... Bxd2+ ({But not} 16... Nxe5 17. Bxe5 f6 18. Kb1 $19) ({And not} 16... Qxg2 17. Rhg1 $16) 17. Qxd2 Qxa2 {[%cal Ra2a1] [#]} 18. Qxd4 $2 (18. Qd3 Nxf2 {[%mdl 64] Double Attack} 19. Qg3+ Ng4 20. Bh6) 18... Rd8 {Black took control after the opening.  Weighted Error Value: White=0.92/Black=0.16} 0-1

[Event "European Online Club-ch-A 2021"]
[Site "Online"]
[Date "2021.03.27"]
[Round "7.10"]
[White "Kamsky, Gata"]
[Black "Grinev, Valeriy"]
[Result "1-0"]
[WhiteElo "2665"]
[BlackElo "2441"]
[Annotator "ChessBase"]
[PlyCount "67"]
[EventDate "2021.03.27"]
[EventType "team-tourn"]
[EventCountry "NET"]
[SourceTitle "playchess.com"]
[Source "ChessBase"]
[SourceQuality "1"]
[TimeControl "900+5"]

1. d4 {[%emt 0:00:00]} Nf6 {[%emt 0:00:03]} 2. Nf3 {[%emt 0:00:05]} g6 {[%emt 0:00:02]} 3. c3 {[%emt 0:00:05]} Bg7 {[%emt 0:00:02]} 4. Bg5 {[%emt 0:00:02]} d6 {[%emt 0:00:08]} 5. Nbd2 {[%emt 0:00:03]} O-O {[%emt 0:00:03]} 6. e4 {[%emt 0:00:03]} c5 {[%emt 0:00:02]} 7. dxc5 {[%emt 0:00:07]} dxc5 {[%emt 0:00:02]} 8. Bc4 {[%emt 0:00:02]} Nc6 {[%emt 0:00:03]} 9. O-O {[%emt 0:00:03]} Qc7 {[%emt 0:00:16]} 10. h3 {[%emt 0:00:36]} b6 {[%emt 0:00:22]} 11. Qe2 {[%emt 0:00:11]} h6 {[%emt 0:01:00]} 12. Be3 {[%emt 0:00:06]} Nh5 {[%emt 0:00:02]} 13. Rfd1 {[%emt 0:00:11]} Nf4 {[%emt 0:00:30]} 14. Qf1 {[%emt 0:00:13]} Rd8 {[%emt 0:00:28]} 15. a4 {[%emt 0:00:17]} Na5 {[%emt 0:00:24]} 16. Ba6 {[%emt 0:02:11]} Be6 {[%emt 0:01:20]} 17. Nc4 {[%emt 0:01:01]} Nxc4 {[%emt 0:02:08]} 18. Bxc4 {[%emt 0:00:06]} Bxc4 {[%emt 0:00:02]} 19. Qxc4 {[%emt 0:00:03]} Ne6 {[%emt 0:00:07]} 20. Rd5 {[%emt 0:01:33]} Nf4 {[%emt 0:00:17]} 21. Bxf4 {[%emt 0:00:09]} Qxf4 {[%emt 0:00:02]} 22. Rad1 {[%emt 0:00:04]} Rxd5 {[%emt 0:00:13]} 23. Qxd5 {[%emt 0:00:08]} Rc8 {[%emt 0:00:05]} 24. Nd2 {[%emt 0:01:43]} Qc7 {[%emt 0:01:59]} 25. Nc4 {[%emt 0:00:05]} Bf6 {[%emt 0:00:01]} 26. Qd7 {[%emt 0:00:56]} e6 {[%emt 0:01:52]} 27. a5 {[%emt 0:00:11]} bxa5 {[%emt 0:00:13]} 28. Qxc7 {[%emt 0:00:08]} Rxc7 {[%emt 0:00:04]} 29. Ra1 {[%emt 0:01:16]} Kf8 {[%emt 0:01:18]} 30. Rxa5 {[%emt 0:00:06]} Ke7 {[%emt 0:00:08]} 31. Kf1 {[%emt 0:00:05]} Kd7 {[%emt 0:00:02]} 32. Ra6 {[%emt 0:00:05]} Kc8 {[%emt 0:00:28]} 33. Nd6+ {[%emt 0:00:27]} Kb8 {[%emt 0:00:06]} 34. Ne8 {[%emt 0:00:09]} 1-0

[Event "European Online Club-ch-A 2021"]
[Site "Online"]
[Date "2021.03.27"]
[Round "7.11"]
[White "Vovk, Orest"]
[Black "Timofeev, Artyom"]
[Result "0-1"]
[WhiteElo "2315"]
[BlackElo "2594"]
[Annotator "ChessBase"]
[PlyCount "102"]
[EventDate "2021.03.27"]
[EventType "team-tourn"]
[EventCountry "NET"]
[SourceTitle "playchess.com"]
[Source "ChessBase"]
[SourceQuality "1"]
[TimeControl "900+5"]

1. g4 {[%emt 0:00:00]} d5 {[%emt 0:00:14]} 2. h3 {[%emt 0:00:03]} e5 {[%emt 0:00:15]} 3. Bg2 {[%emt 0:00:02]} Nc6 {[%emt 0:00:03]} 4. c4 {[%emt 0:00:06]} dxc4 {[%emt 0:00:06]} 5. Bxc6+ {[%emt 0:00:02]} bxc6 {[%emt 0:00:02]} 6. Nc3 {[%emt 0:00:02]} h5 {[%emt 0:00:08]} 7. Qa4 {[%emt 0:00:03]} hxg4 {[%emt 0:00:06]} 8. hxg4 {[%emt 0:00:09]} Rxh1 {[%emt 0:00:09]} 9. Qxc6+ {[%emt 0:00:02]} Qd7 {[%emt 0:00:39]} 10. Qxh1 {[%emt 0:00:04]} Rb8 {[%emt 0:00:02]} 11. Qe4 {[%emt 0:02:59]} Qxg4 {[%emt 0:00:09]} 12. Qxe5+ {[%emt 0:00:18]} Be6 {[%emt 0:00:04]} 13. Nf3 {[%emt 0:00:34]} Bd6 {[%emt 0:00:24]} 14. Qg5 {[%emt 0:00:32]} Nf6 {[%emt 0:00:42]} 15. Nb5 {[%emt 0:00:39]} Bf4 {[%emt 0:01:41]} 16. Qc5 {[%emt 0:02:52]} Qh5 {[%emt 0:01:19]} 17. Qxh5 {[%emt 0:00:57]} Nxh5 {[%emt 0:00:03]} 18. Nc3 {[%emt 0:01:40]} Kd7 {[%emt 0:01:15]} 19. b3 {[%emt 0:00:52]} cxb3 {[%emt 0:00:54]} 20. axb3 {[%emt 0:00:04]} Rxb3 {[%emt 0:00:03]} 21. e3 {[%emt 0:00:51]} Bd6 {[%emt 0:00:28]} 22. Rxa7 {[%emt 0:00:12]} Bb4 {[%emt 0:01:07]} 23. Nd4 {[%emt 0:01:13]} Bc5 {[%emt 0:00:04]} 24. Nxb3 {[%emt 0:00:06]} Bxa7 {[%emt 0:00:03]} 25. Na1 {[%emt 0:00:09]} c5 {[%emt 0:00:12]} 26. Nc2 {[%emt 0:00:16]} Nf6 {[%emt 0:00:09]} 27. d3 {[%emt 0:00:08]} Kc6 {[%emt 0:00:11]} 28. Ke2 {[%emt 0:00:09]} Bb6 {[%emt 0:00:13]} 29. Bd2 {[%emt 0:00:09]} Nd7 {[%emt 0:00:21]} 30. Na4 {[%emt 0:00:55]} Bd8 {[%emt 0:00:12]} 31. Nb2 {[%emt 0:00:23]} Ne5 {[%emt 0:00:04]} 32. f4 {[%emt 0:00:21]} Bg4+ {[%emt 0:00:07]} 33. Kf1 {[%emt 0:00:15]} Nf3 {[%emt 0:00:37]} 34. Bc3 {[%emt 0:00:05]} f6 {[%emt 0:00:01]} 35. Ne1 {[%emt 0:00:06]} Nh4 {[%emt 0:00:07]} 36. Ng2 {[%emt 0:00:07]} Bh3 {[%emt 0:00:03]} 37. Kf2 {[%emt 0:00:01]} Bxg2 {[%emt 0:00:26]} 38. Kg3 {[%emt 0:00:03]} g5 {[%emt 0:00:02]} 39. d4 {[%emt 0:00:15]} Be4 {[%emt 0:00:13]} 40. dxc5 {[%emt 0:00:04]} Nf5+ {[%emt 0:00:02]} 41. Kf2 {[%emt 0:00:02]} g4 {[%emt 0:00:02]} 42. Nc4 {[%emt 0:00:07]} g3+ {[%emt 0:00:04]} 43. Kg1 {[%emt 0:00:03]} Kxc5 {[%emt 0:00:05]} 44. Nd2 {[%emt 0:00:04]} Kd5 {[%emt 0:00:02]} 45. Nf1 {[%emt 0:00:08]} Bd3 {[%emt 0:00:10]} 46. Be1 {[%emt 0:00:07]} Bxf1 {[%emt 0:00:06]} 47. Kxf1 {[%emt 0:00:02]} Nxe3+ {[%emt 0:00:05]} 48. Ke2 {[%emt 0:00:02]} g2 {[%emt 0:00:02]} 49. Bf2 {[%emt 0:00:06]} Ng4 {[%emt 0:00:02]} 50. Bg1 {[%emt 0:00:08]} Ke4 {[%emt 0:00:03]} 51. f5 {[%emt 0:00:01]} Bc7 {[%emt 0:00:04]} 0-1

[Event "European Online Club-ch-A 2021"]
[Site "Online"]
[Date "2021.03.27"]
[Round "7.12"]
[White "Sharafiev, Azat"]
[Black "Babiy, Igor"]
[Result "1-0"]
[WhiteElo "2432"]
[BlackElo "2241"]
[Annotator "NA"]
[PlyCount "83"]
[EventDate "2021.03.27"]
[EventType "team-tourn"]
[EventCountry "NET"]
[SourceTitle "playchess.com"]
[Source "ChessBase"]
[SourceQuality "1"]
[TimeControl "900+5"]

1. d4 {[%emt 0:00:00]} d5 {[%emt 0:00:03]} 2. c4 {[%emt 0:00:02]} c6 {[%emt 0:00:01]} 3. Nf3 {[%emt 0:00:02]} Nf6 {[%emt 0:00:02]} 4. Nc3 {[%emt 0:00:01]} e6 {[%emt 0:00:03]} 5. Bg5 {[%emt 0:00:03]} Nbd7 {[%emt 0:00:03]} 6. e3 {[%emt 0:00:02]} Qa5 {[%emt 0:00:03]} 7. cxd5 {[%emt 0:00:01]} Nxd5 {[%emt 0:00:04]} 8. Rc1 {[%emt 0:00:11]} h6 {[%emt 0:00:55]} 9. Bh4 {[%emt 0:00:03]} Bd6 {[%emt 0:00:51]} 10. Bd3 {[%emt 0:00:35]} e5 {[%emt 0:01:11]} 11. O-O {[%emt 0:00:19]} Nxc3 {[%emt 0:01:30]} 12. bxc3 {[%emt 0:00:33]} O-O {[%emt 0:00:03]} 13. Qe2 {[%emt 0:03:13]} Qc7 {[%emt 0:00:10]} 14. e4 {[%emt 0:00:16]} Re8 {[%emt 0:00:11]} 15. Rfd1 {[%emt 0:00:26]} b6 {[%emt 0:00:25]} 16. Bg3 {[%emt 0:00:22]} Bb7 {[%emt 0:00:14]} 17. Nh4 {[%emt 0:00:11]} g6 {[%emt 0:01:22]} 18. Bc4 {[%emt 0:00:38]} Nf8 {[%emt 0:00:16]} 19. Qg4 {[%emt 0:00:13]} Kh7 {[%emt 0:00:48]} 20. Rd3 {[%emt 0:01:03]} Bc8 {[%emt 0:00:09]} 21. Qf3 {[%emt 0:00:39]} Be6 {[%emt 0:00:02]} 22. Bxe6 {[%emt 0:01:18]} Rxe6 {[%emt 0:00:00]} 23. Rcd1 {[%emt 0:00:02]} Kg8 {[%emt 0:04:08]} 24. Qg4 {[%emt 0:00:28]} h5 {[%emt 0:01:05]} 25. Qe2 {[%emt 0:00:24]} exd4 {[%emt 0:01:52]} 26. cxd4 {[%emt 0:00:15]} Bxg3 {[%emt 0:00:02]} 27. hxg3 {[%emt 0:00:35]} Rae8 {[%emt 0:00:02]} 28. e5 {[%emt 0:00:14]} c5 {[%emt 0:00:14]} 29. f4 {[%emt 0:00:03]} cxd4 {[%emt 0:00:03]} 30. Rxd4 {[%emt 0:00:46]} f6 {[%emt 0:00:33]} 31. Nf3 {[%emt 0:00:29]} Qc5 {[%emt 0:00:07]} 32. Kh2 {[%emt 0:00:15]} g5 {[%emt 0:00:54]} 33. Rd5 {[%emt 0:00:15]} Qc7 {[%emt 0:00:09]} 34. Qe4 {[%emt 0:02:10]} R6e7 {[%emt 0:00:08]} 35. Qf5 {[%emt 0:00:31]} fxe5 {[%emt 0:00:06]} 36. Nxe5 {[%emt 0:00:21]} gxf4 {[%emt 0:00:03]} 37. gxf4 {[%emt 0:00:03]} Rg7 {[%emt 0:00:04]} 38. Rd6 {[%emt 0:00:15]} Qe7 {[%emt 0:00:03]} 39. Qxh5 {[%emt 0:00:19]} Rh7 {[%emt 0:00:11]} 40. Rh6 {[%emt 0:00:03]} Rxh6 {[%emt 0:00:04]} 41. Qxh6 {[%emt 0:00:01]} Ne6 {[%emt 0:00:05]} 42. Rd7 {[%emt 0:00:08]} 1-0

[Event "European Online Club-ch-A 2021"]
[Site "Online"]
[Date "2021.03.27"]
[Round "7.13"]
[White "Valdes Escobar, Alvaro"]
[Black "Rapport, Richard"]
[Result "0-1"]
[WhiteElo "2355"]
[BlackElo "2763"]
[Annotator "TA"]
[PlyCount "60"]
[EventDate "2021.03.27"]
[EventType "team-tourn"]
[EventCountry "NET"]
[SourceTitle "playchess.com"]
[Source "ChessBase"]
[SourceQuality "1"]

{[%evp 9,60,26,52,1,52,35,49,52,64,-18,-33,-75,-71,-64,-64,-51,-58,-60,-58,-112,-73,-114,-116,-118,-100,-89,-78,-76,-83,-169,-167,-154,-165,-167,-162,-234,-235,-519,-143,-172,-165,-171,-152,-163,-195,-189,-182,-195,-165,-1418,-1364,-29993,-29994]} 1. c4 f5 2. g3 Nf6 3. Bg2 e5 4. d4 e4 5. f3 Nc6 {[#]} 6. Nh3 $146 {A20: English Opening: 1...e5.} (6. Nc3 $14) ({Predecessor:} 6. d5 Ne5 7. Qd4 Bb4+ 8. Bd2 Qe7 9. Bxb4 Qxb4+ 10. Nd2 d6 11. Nh3 exf3 12. exf3 O-O 13. O-O {½-½ (13) Franciskovic,B (2227)-Berke,A (2072) Busevec 2007}) 6... exf3 (6... d5 $11) 7. Bxf3 $14 Bb4+ 8. Nc3 {White is slightly better.} Qe7 9. O-O {[#]} ({Better is} 9. Bg5 $14) 9... Nxd4 $1 $11 10. Nd5 ({Don't go for} 10. Qxd4 $2 Bc5 $19) (10. Bg5 Bxc3) 10... Nxf3+ 11. exf3 Nxd5 12. cxd5 O-O 13. Bf4 d6 14. a3 ({White should try} 14. Bd2 $15 Bc5+ 15. Kg2) 14... Ba5 15. b4 Bb6+ 16. Kg2 h6 17. Re1 Qf7 18. Rc1 Re8 19. Qd3 {[#]} (19. Rxe8+ $17 {was worth a try.} Qxe8 20. Qd2) 19... Rxe1 $1 $19 20. Rxe1 Bd7 21. Bd2 Re8 22. Rxe8+ (22. Bc3 {keeps fighting.}) 22... Qxe8 ({Much less strong is} 22... Bxe8 23. Be3 $17) 23. Nf2 $2 (23. Bc3) 23... Qe5 $2 (23... Bb5 $19 24. Qxf5 Bxf2) 24. Nd1 a6 {...Bb5 is the strong threat.} 25. Nc3 f4 {[%mdl 64] Deflection} 26. Bxf4 Qe1 {[%csl Gb6][%cal Re1g1]} 27. g4 Qg1+ 28. Kh3 Bf2 29. Ne4 $2 (29. Qe2) 29... Bb5 {( -> ...Qf1+)} 30. Nf6+ Kf7 {Weighted Error Value: White=0.82/Black=0.28} 0-1

[Event "European Online Club-ch-A 2021"]
[Site "Online"]
[Date "2021.03.27"]
[Round "7.14"]
[White "Bacrot, Etienne"]
[Black "Fitzsimons, David"]
[Result "1/2-1/2"]
[WhiteElo "2678"]
[BlackElo "2324"]
[Annotator "ChessBase"]
[PlyCount "131"]
[EventDate "2021.03.27"]
[EventType "team-tourn"]
[EventCountry "NET"]
[SourceTitle "playchess.com"]
[Source "ChessBase"]
[SourceQuality "1"]
[TimeControl "900+5"]

1. e4 {[%emt 0:00:00]} Nf6 {[%emt 0:00:04]} 2. e5 {[%emt 0:00:04]} Nd5 {[%emt 0:00:03]} 3. d4 {[%emt 0:00:07]} d6 {[%emt 0:00:02]} 4. Nf3 {[%emt 0:00:02]} dxe5 {[%emt 0:00:04]} 5. Nxe5 {[%emt 0:00:02]} g6 {[%emt 0:00:01]} 6. Qf3 {[%emt 0:01:29]} Be6 {[%emt 0:00:05]} 7. Nc3 {[%emt 0:01:05]} Bg7 {[%emt 0:00:14]} 8. Bf4 {[%emt 0:01:06]} O-O {[%emt 0:00:30]} 9. O-O-O {[%emt 0:00:21]} Nxf4 {[%emt 0:01:08]} 10. Qxf4 {[%emt 0:00:04]} Nd7 {[%emt 0:00:35]} 11. Be2 {[%emt 0:00:54]} c6 {[%emt 0:00:51]} 12. Nxd7 {[%emt 0:00:45]} Qxd7 {[%emt 0:00:18]} 13. h4 {[%emt 0:00:05]} Qd6 {[%emt 0:00:25]} 14. Qxd6 {[%emt 0:00:25]} exd6 {[%emt 0:00:03]} 15. d5 {[%emt 0:00:02]} Bxc3 {[%emt 0:00:23]} 16. dxe6 {[%emt 0:00:04]} Be5 {[%emt 0:00:02]} 17. g3 {[%emt 0:00:06]} d5 {[%emt 0:00:16]} 18. f4 {[%emt 0:00:06]} Bf6 {[%emt 0:00:05]} 19. exf7+ {[%emt 0:00:02]} Rxf7 {[%emt 0:00:07]} 20. Bd3 {[%emt 0:00:46]} Re8 {[%emt 0:00:25]} 21. Rde1 {[%emt 0:00:34]} Rxe1+ {[%emt 0:00:22]} 22. Rxe1 {[%emt 0:00:02]} Re7 {[%emt 0:00:02]} 23. Rf1 {[%emt 0:00:11]} Re3 {[%emt 0:00:16]} 24. Rg1 {[%emt 0:00:02]} Bd4 {[%emt 0:00:18]} 25. Rg2 {[%emt 0:00:07]} Re1+ {[%emt 0:00:34]} 26. Kd2 {[%emt 0:00:02]} Rg1 {[%emt 0:00:02]} 27. Rxg1 {[%emt 0:00:02]} Bxg1 {[%emt 0:00:03]} 28. Ke2 {[%emt 0:00:01]} Kf7 {[%emt 0:00:05]} 29. Kf1 {[%emt 0:00:05]} Bd4 {[%emt 0:00:07]} 30. c3 {[%emt 0:00:04]} Be3 {[%emt 0:00:04]} 31. Ke2 {[%emt 0:00:01]} Bb6 {[%emt 0:00:12]} 32. g4 {[%emt 0:00:05]} Kf6 {[%emt 0:00:10]} 33. Kf3 {[%emt 0:00:03]} h6 {[%emt 0:00:59]} 34. g5+ {[%emt 0:00:28]} hxg5 {[%emt 0:00:04]} 35. hxg5+ {[%emt 0:00:16]} Kf7 {[%emt 0:00:03]} 36. c4 {[%emt 0:00:02]} dxc4 {[%emt 0:01:07]} 37. Bxc4+ {[%emt 0:00:04]} Kg7 {[%emt 0:00:02]} 38. Be6 {[%emt 0:00:11]} Bd4 {[%emt 0:00:28]} 39. b3 {[%emt 0:00:04]} Bc3 {[%emt 0:00:36]} 40. Ke4 {[%emt 0:00:07]} Bd2 {[%emt 0:00:13]} 41. Bd7 {[%emt 0:00:02]} Kf7 {[%emt 0:00:09]} 42. Kf3 {[%emt 0:00:02]} Bc1 {[%emt 0:00:07]} 43. Kg4 {[%emt 0:00:03]} c5 {[%emt 0:00:31]} 44. Bb5 {[%emt 0:00:15]} Bd2 {[%emt 0:00:23]} 45. Bc4+ {[%emt 0:00:04]} Kg7 {[%emt 0:00:02]} 46. a4 {[%emt 0:00:08]} a6 {[%emt 0:00:25]} 47. Kf3 {[%emt 0:00:06]} b5 {[%emt 0:00:36]} 48. axb5 {[%emt 0:00:29]} axb5 {[%emt 0:00:03]} 49. Bxb5 {[%emt 0:00:02]} Bb4 {[%emt 0:00:02]} 50. Be8 {[%emt 0:00:03]} Bc3 {[%emt 0:00:07]} 51. Ke3 {[%emt 0:00:02]} Bb2 {[%emt 0:00:05]} 52. Kd2 {[%emt 0:00:02]} Ba3 {[%emt 0:00:05]} 53. Kc2 {[%emt 0:00:05]} Bb4 {[%emt 0:00:02]} 54. Kd3 {[%emt 0:00:01]} Ba3 {[%emt 0:00:03]} 55. Kc2 {[%emt 0:00:19]} Bb4 {[%emt 0:00:02]} 56. Bc6 {[%emt 0:00:04]} Kf7 {[%emt 0:00:06]} 57. Be4 {[%emt 0:00:04]} Kg7 {[%emt 0:00:02]} 58. Kd3 {[%emt 0:00:02]} Ba3 {[%emt 0:00:03]} 59. f5 {[%emt 0:00:29]} gxf5 {[%emt 0:00:06]} 60. Bxf5 {[%emt 0:00:01]} Bc1 {[%emt 0:00:06]} 61. g6 {[%emt 0:00:02]} Ba3 {[%emt 0:00:02]} 62. Ke4 {[%emt 0:00:01]} Bb4 {[%emt 0:00:02]} 63. Ke5 {[%emt 0:00:01]} Ba3 {[%emt 0:00:03]} 64. Ke6 {[%emt 0:00:02]} Bb4 {[%emt 0:00:02]} 65. Bc2 {[%emt 0:00:01]} Ba3 {[%emt 0:00:04]} 66. Kd5 {[%emt 0:00:05]} 1/2-1/2

[Event "European Online Club-ch-A 2021"]
[Site "Online"]
[Date "2021.03.27"]
[Round "7.16"]
[White "Naiditsch, Arkadij"]
[Black "Royal, Shreyas"]
[Result "1-0"]
[WhiteElo "2649"]
[BlackElo "2121"]
[Annotator "ChessBase"]
[PlyCount "77"]
[EventDate "2021.03.27"]
[EventType "team-tourn"]
[EventCountry "NET"]
[SourceTitle "playchess.com"]
[Source "ChessBase"]
[SourceQuality "1"]
[TimeControl "900+5"]

1. e4 {[%emt 0:00:00]} e5 {[%emt 0:00:04]} 2. Nf3 {[%emt 0:00:02]} Nc6 {[%emt 0:00:02]} 3. Nc3 {[%emt 0:00:05]} Nf6 {[%emt 0:00:03]} 4. Bb5 {[%emt 0:00:03]} Bb4 {[%emt 0:00:12]} 5. O-O {[%emt 0:00:02]} O-O {[%emt 0:00:34]} 6. d3 {[%emt 0:00:02]} Bxc3 {[%emt 0:00:47]} 7. bxc3 {[%emt 0:00:02]} d6 {[%emt 0:00:02]} 8. Bg5 {[%emt 0:00:02]} h6 {[%emt 0:01:22]} 9. Bh4 {[%emt 0:00:02]} Bg4 {[%emt 0:00:58]} 10. h3 {[%emt 0:00:05]} Bd7 {[%emt 0:01:32]} 11. Rb1 {[%emt 0:00:13]} Qe7 {[%emt 0:00:48]} 12. Re1 {[%emt 0:00:06]} g5 {[%emt 0:00:47]} 13. Bg3 {[%emt 0:00:05]} a6 {[%emt 0:01:33]} 14. Ba4 {[%emt 0:00:02]} b5 {[%emt 0:00:12]} 15. Bb3 {[%emt 0:00:02]} Na5 {[%emt 0:00:02]} 16. d4 {[%emt 0:00:02]} Nxb3 {[%emt 0:00:09]} 17. cxb3 {[%emt 0:00:01]} g4 {[%emt 0:00:29]} 18. hxg4 {[%emt 0:00:19]} Bxg4 {[%emt 0:00:03]} 19. Bh4 {[%emt 0:00:06]} Kh7 {[%emt 0:00:20]} 20. Qd3 {[%emt 0:00:14]} Rg8 {[%emt 0:00:25]} 21. Nh2 {[%emt 0:00:03]} Bh5 {[%emt 0:00:41]} 22. f4 {[%emt 0:00:11]} Rg6 {[%emt 0:01:07]} 23. f5 {[%emt 0:00:09]} Rg7 {[%emt 0:00:16]} 24. Rb2 {[%emt 0:00:06]} Rag8 {[%emt 0:00:10]} 25. Re3 {[%emt 0:00:11]} Bg4 {[%emt 0:00:30]} 26. d5 {[%emt 0:00:08]} Rb8 {[%emt 0:00:27]} 27. Rf2 {[%emt 0:00:02]} Rgg8 {[%emt 0:00:13]} 28. Kh1 {[%emt 0:00:19]} b4 {[%emt 0:00:11]} 29. c4 {[%emt 0:00:03]} a5 {[%emt 0:00:11]} 30. Kg1 {[%emt 0:00:27]} Ra8 {[%emt 0:00:15]} 31. Rg3 {[%emt 0:00:06]} Bh5 {[%emt 0:01:13]} 32. Rxg8 {[%emt 0:00:02]} Rxg8 {[%emt 0:00:03]} 33. Qh3 {[%emt 0:00:06]} a4 {[%emt 0:00:47]} 34. Bxf6 {[%emt 0:00:11]} Qxf6 {[%emt 0:00:01]} 35. Qxh5 {[%emt 0:00:01]} axb3 {[%emt 0:00:01]} 36. axb3 {[%emt 0:00:04]} Ra8 {[%emt 0:00:03]} 37. Ng4 {[%emt 0:00:07]} Qg5 {[%emt 0:00:24]} 38. Qxf7+ {[%emt 0:00:05]} Kh8 {[%emt 0:00:02]} 39. Qf6+ {[%emt 0:00:05]} 1-0

[Event "European Online Club-ch-A 2021"]
[Site "Online"]
[Date "2021.03.27"]
[Round "7.17"]
[White "Celik, Hasan Huseyin"]
[Black "Finek, Vaclav"]
[Result "1/2-1/2"]
[WhiteElo "2173"]
[BlackElo "2361"]
[Annotator "NA"]
[PlyCount "129"]
[EventDate "2021.03.27"]
[EventType "team-tourn"]
[EventCountry "NET"]
[SourceTitle "playchess.com"]
[Source "ChessBase"]
[SourceQuality "1"]
[TimeControl "900+5"]

1. d4 {[%emt 0:00:00]} Nf6 {[%emt 0:00:05]} 2. Bg5 {[%emt 0:00:05]} c5 {[%emt 0:00:18]} 3. Nc3 {[%emt 0:00:04]} cxd4 {[%emt 0:00:40]} 4. Qxd4 {[%emt 0:00:03]} Nc6 {[%emt 0:00:03]} 5. Qh4 {[%emt 0:00:01]} e6 {[%emt 0:01:28]} 6. O-O-O {[%emt 0:00:03]} Be7 {[%emt 0:00:12]} 7. e4 {[%emt 0:00:04]} a6 {[%emt 0:01:14]} 8. f4 {[%emt 0:00:56]} b5 {[%emt 0:01:42]} 9. e5 {[%emt 0:00:30]} b4 {[%emt 0:00:58]} 10. Nce2 {[%emt 0:01:30]} Ne4 {[%emt 0:00:25]} 11. Bxe7 {[%emt 0:00:04]} Qxe7 {[%emt 0:00:01]} 12. Qe1 {[%emt 0:00:01]} Bb7 {[%emt 0:02:18]} 13. Nf3 {[%emt 0:00:11]} Rc8 {[%emt 0:00:35]} 14. Ned4 {[%emt 0:00:53]} Nc5 {[%emt 0:00:14]} 15. Nxc6 {[%emt 0:00:52]} Bxc6 {[%emt 0:00:07]} 16. Nd4 {[%emt 0:00:03]} Bd5 {[%emt 0:00:46]} 17. Kb1 {[%emt 0:00:06]} Na4 {[%emt 0:00:45]} 18. Bxa6 {[%emt 0:01:15]} Ra8 {[%emt 0:00:08]} 19. Bb5 {[%emt 0:01:34]} Nc5 {[%emt 0:00:44]} 20. Nb3 {[%emt 0:01:16]} Nxb3 {[%emt 0:00:33]} 21. cxb3 {[%emt 0:00:10]} O-O {[%emt 0:00:12]} 22. Qe3 {[%emt 0:00:32]} Rfc8 {[%emt 0:01:04]} 23. Rhe1 {[%emt 0:01:45]} Rc7 {[%emt 0:00:46]} 24. Rd2 {[%emt 0:00:33]} Ra5 {[%emt 0:00:12]} 25. Ba4 {[%emt 0:00:08]} Rac5 {[%emt 0:00:23]} 26. Qd4 {[%emt 0:00:38]} Qf8 {[%emt 0:00:16]} 27. a3 {[%emt 0:00:52]} bxa3 {[%emt 0:00:17]} 28. bxa3 {[%emt 0:00:02]} Rc3 {[%emt 0:00:10]} 29. Kb2 {[%emt 0:00:54]} Qc8 {[%emt 0:00:07]} 30. Ree2 {[%emt 0:00:33]} Rc1 {[%emt 0:00:04]} 31. Qd3 {[%emt 0:00:06]} R7c3 {[%emt 0:00:21]} 32. Qd4 {[%emt 0:00:45]} g6 {[%emt 0:00:06]} 33. b4 {[%emt 0:00:13]} Rc4 {[%emt 0:00:09]} 34. Qd3 {[%emt 0:00:09]} R1c3 {[%emt 0:00:03]} 35. Qb1 {[%emt 0:00:08]} Qa8 {[%emt 0:00:07]} 36. Rc2 {[%emt 0:00:12]} Rxc2+ {[%emt 0:00:06]} 37. Bxc2 {[%emt 0:00:03]} Qa7 {[%emt 0:00:02]} 38. Qd1 {[%emt 0:00:07]} Rxf4 {[%emt 0:00:06]} 39. Bb3 {[%emt 0:00:06]} Rd4 {[%emt 0:00:07]} 40. Qc2 {[%emt 0:00:05]} Bxb3 {[%emt 0:00:05]} 41. Qxb3 {[%emt 0:00:01]} Rd5 {[%emt 0:00:02]} 42. Qc3 {[%emt 0:00:03]} Qb6 {[%emt 0:00:10]} 43. Rd2 {[%emt 0:00:04]} Rxd2+ {[%emt 0:00:03]} 44. Qxd2 {[%emt 0:00:02]} Qc7 {[%emt 0:00:01]} 45. Qd4 {[%emt 0:00:03]} Qb7 {[%emt 0:00:02]} 46. a4 {[%emt 0:00:06]} Qxg2+ {[%emt 0:00:03]} 47. Kc3 {[%emt 0:00:01]} Qf3+ {[%emt 0:00:03]} 48. Qd3 {[%emt 0:00:06]} Qf4 {[%emt 0:00:10]} 49. a5 {[%emt 0:00:06]} Qxe5+ {[%emt 0:00:02]} 50. Kb3 {[%emt 0:00:01]} d5 {[%emt 0:00:16]} 51. a6 {[%emt 0:00:02]} Qa1 {[%emt 0:00:03]} 52. b5 {[%emt 0:00:05]} Qa5 {[%emt 0:00:02]} 53. Kc2 {[%emt 0:00:14]} Qa2+ {[%emt 0:00:08]} 54. Kd1 {[%emt 0:00:05]} Qa1+ {[%emt 0:00:02]} 55. Ke2 {[%emt 0:00:01]} Qa5 {[%emt 0:00:04]} 56. Qb3 {[%emt 0:00:06]} h5 {[%emt 0:00:05]} 57. Kf3 {[%emt 0:00:06]} Kh7 {[%emt 0:00:09]} 58. b6 {[%emt 0:00:08]} Qxa6 {[%emt 0:00:03]} 59. b7 {[%emt 0:00:01]} Qf1+ {[%emt 0:00:01]} 60. Kg3 {[%emt 0:00:03]} Qe1+ {[%emt 0:00:02]} 61. Kg2 {[%emt 0:00:04]} Qe2+ {[%emt 0:00:02]} 62. Kg1 {[%emt 0:00:09]} Qe1+ {[%emt 0:00:02]} 63. Kg2 {[%emt 0:00:01]} Qe2+ {[%emt 0:00:01]} 64. Kg1 {[%emt 0:00:01]} Qe1+ {[%emt 0:00:01]} 65. Kg2 {[%emt 0:00:02]} 1/2-1/2